000 00595nam a22002057a 4500
003 OSt
005 20260506071604.0
008 260506b |||||||| |||| 00| 0 eng d
020 _a978-1-74252-153-4
040 _aDWCL Main Lib.
_cOC
082 _aGR 307.76 C581 2011
110 _aDiscovery Education
245 _aCity life /
_cDiscovery Education
260 _aAustralia :
_bDiscovery Communications,
_cc2011.
300 _a32 pages :
_bcolored illustrations ;
_c22 cm.
504 _aIncludes glossary and index.
650 _a1. Cities.
650 _a2. Life.
942 _2ddc
_cGR
_n0
999 _c10287
_d10287